Historyczne flagi różnych państw - Statystyki

Ogólne statystyki
  • Ten quiz został rozwiązany 2 189 razy
  • Średni wynik to 9 z 12
Statystyki odpowiedzi
Obrazkowy Odpowiedź % Poprawnych
Japonia
90%
Chiny
89%
Włochy
89%
Holandia
87%
Meksyk
87%
Francja
86%
Niemcy
85%
Polska
84%
Grecja
72%
Egipt
58%
Czechy
56%
Portugalia
16%
Nie znaleziono quizów pasujących do podanych kryteriów
Rozkład punktacji
Procent ludzi z każdym wynikiem
Percentyl według liczby udzielonych odpowiedzi
Twoja historia wyników
Nie rozwiązałeś tego quizu